000 00501nam a2200181Ia 4500
008 090124s9999 xx 000 0 und d
082 _b118397
100 _aभागवत यशवंत
245 _a मुग्धकालका
250 _a1
260 _c1980
300 _a195
600 _aभागवत यशवंत
630 _a मुग्धकालका
700 _aभागवत यशवंत
730 _a मुग्धकालका
942 _cBOOK
999 _c164483
_d164483